<?xml version="1.0" encoding="UTF-8"?><?xml-stylesheet type="text/xsl" href="static/style.xsl"?><OAI-PMH xmlns="http://www.openarchives.org/OAI/2.0/" xmlns:xsi="http://www.w3.org/2001/XMLSchema-instance" xsi:schemaLocation="http://www.openarchives.org/OAI/2.0/ http://www.openarchives.org/OAI/2.0/OAI-PMH.xsd"><responseDate>2026-04-13T04:12:01Z</responseDate><request verb="GetRecord" identifier="oai:www.recercat.cat:2099.1/26153" metadataPrefix="marc">https://recercat.cat/oai/request</request><GetRecord><record><header><identifier>oai:recercat.cat:2099.1/26153</identifier><datestamp>2025-07-22T20:32:06Z</datestamp><setSpec>com_2072_1033</setSpec><setSpec>col_2072_452951</setSpec></header><metadata><record xmlns="http://www.loc.gov/MARC21/slim" xmlns:dcterms="http://purl.org/dc/terms/" xmlns:xsi="http://www.w3.org/2001/XMLSchema-instance" xmlns:doc="http://www.lyncode.com/xoai" xsi:schemaLocation="http://www.loc.gov/MARC21/slim http://www.loc.gov/standards/marcxml/schema/MARC21slim.xsd">
   <leader>00925njm 22002777a 4500</leader>
   <datafield ind2=" " ind1=" " tag="042">
      <subfield code="a">dc</subfield>
   </datafield>
   <datafield ind2=" " ind1=" " tag="720">
      <subfield code="a">Cano Albert, Adrián</subfield>
      <subfield code="e">author</subfield>
   </datafield>
   <datafield ind2=" " ind1=" " tag="260">
      <subfield code="c">2014-10</subfield>
   </datafield>
   <datafield ind2=" " ind1=" " tag="520">
      <subfield code="a">L'objectiu consisteix en crear un vídeo lineal en forma de vídeo musical publicitari, passant per totes les etapes de creació d’un espot per a l’Institut d’Educació Secundària Anna Gironella de Mundet. El centre tenia com a idea principal crear un vídeo de contingut musical per a fer una cohesió dels diferents departaments del centre i donar a conèixer la seva oferta formativa. En un primer moment es volia crear un Lipdub. Però després d’una reunió amb la direcció de l’institut es va veure que era impossible, atès que donada la gran extensió del centre es necessitaria una cançó molt llarga, així com una gran coordinació per a què es poguessin mostrar totes les seccions. Com a solució es va proposar simular un pla seqüencia, però enlloc de fer que els alumnes cantessin, simular un dia normal de classes</subfield>
   </datafield>
   <datafield tag="653" ind2=" " ind1=" ">
      <subfield code="a">Àrees temàtiques de la UPC::So, imatge i multimèdia::Creació multimèdia::Producció audiovisual</subfield>
   </datafield>
   <datafield tag="653" ind2=" " ind1=" ">
      <subfield code="a">Àrees temàtiques de la UPC::So, imatge i multimèdia::Creació multimèdia::Vídeo digital</subfield>
   </datafield>
   <datafield tag="653" ind2=" " ind1=" ">
      <subfield code="a">Video recording</subfield>
   </datafield>
   <datafield tag="653" ind2=" " ind1=" ">
      <subfield code="a">Vídeo</subfield>
   </datafield>
   <datafield ind2="0" ind1="0" tag="245">
      <subfield code="a">Creació d'un espot</subfield>
   </datafield>
</record></metadata></record></GetRecord></OAI-PMH>